40 architects under 40
Gespeichert in:
| 1. Verfasser: | |
|---|---|
| Format: | Buch |
| Sprache: | Englisch Deutsch Französisch |
| Veröffentlicht: |
Köln :
Taschen,
2000
|
| Tags: |
Keine Tags, Fügen Sie das erste Tag hinzu!
|
MARC
| LEADER | 00000nam a22000003a 4500 | ||
|---|---|---|---|
| 001 | stu77009 | ||
| 005 | 20150617225645.5 | ||
| 008 | 020821s2000----gw------------------eng-d | ||
| 020 | |a 3-8228-6212-6 | ||
| 040 | |a STU |b slo | ||
| 041 | 0 | |a eng |a ger |a fre | |
| 044 | |a gw | ||
| 080 | |a 72 | ||
| 100 | 1 | |a Thompson, Jessica Cargill |4 aut | |
| 245 | 1 | |a 40 architects under 40 | |
| 260 | |a Köln : |b Taschen, |c 2000 | ||
| 300 | |a 559 s.;obr.,schémy | ||
| 996 | |c A*3742 |l AA5150 |s P |a 0 |w stu77009_0001 | ||
| 996 | |c V*47478/O-20906 |l VV8 |s P |a 0 |w stu77009_0002 | ||
| 996 | |c A*3524 |l AA1110 |s P |a 0 |w stu77009_0003 | ||